000 00275nam a2200109Ia 4500
008 200302s9999 xx 000 0 und d
100 _aZhu Xiaofeng and othrs
245 _aCultural Architecture
260 _bDesign Media Publishing (UK) Ltd.,
260 _c2013
300 _a255
999 _c6180
_d6180